| 000 | 00969nam a22003137a 4500 | ||
|---|---|---|---|
| 001 | 6505 | ||
| 003 | FISKH | ||
| 005 | 20250819155728.0 | ||
| 008 | 250507b cb ||||| |||| 00| 0 eng d | ||
| 020 | _a9780590474238 | ||
| 040 |
_aDLC _cDLC _dDLC _beng |
||
| 050 | _aPZ7.R1936 R | ||
| 082 | _a398.2 | ||
| 100 | 1 |
_aRathmann, Peggy. _d(1953-) |
|
| 245 | 1 | 0 |
_aRuby the copycat / _cby Peggy Rathmann. |
| 250 | _aThis edition first published in 1991 | ||
| 260 |
_aNew York : _bScholastic, _c1991. |
||
| 300 |
_a29 pages : _bcolor illustrations ; _c23 cm |
||
| 505 | _aJ | ||
| 520 | _aRuby insists on copying Angela, until her teacher helps her discover her own creative resources. | ||
| 521 | 8 |
_a500
_bLexile |
|
| 521 | 8 |
_aJ
_bRaz-Plus |
|
| 650 | 1 |
_aBehavior _xFiction. |
|
| 650 | 1 |
_aTeacher-student relationships _xFiction. |
|
| 650 | 1 |
_aSchools _xFiction. |
|
| 906 |
_a7 _bcbc _corignew _d1 _eocip _f19 _gy-gencatlg |
||
| 942 |
_2ddc _cBK _n0 |
||
| 999 |
_c6505 _d6505 |
||